[Event "Pojedinacno prvenstvo Centralne Srbije 2"]
[Site "Vrnjacka Banja"]
[Date "2014.03.21"]
[Round "7.7"]
[White "Cabrilo, Goran"]
[Black "Savicevic, Vlatko"]
[Result "1/2-1/2"]
[WhiteElo "2406"]
[BlackElo "2330"]
[PlyCount "25"]
[EventDate "2014.03.17"]

1. Nf3 d5 2. g3 Bg4 3. Bg2 Nd7 4. d4 e6 5. O-O Ngf6 6. Nbd2 Bd6 7. c4 c6 8. b3
O-O 9. Bb2 Bh5 10. Re1 a5 11. a3 Qb6 12. Rc1 Rfd8 13. h3 1/2-1/2

[Event "Pojedinacno prvenstvo Centralne Srbije 2"]
[Site "Vrnjacka Banja"]
[Date "2014.03.21"]
[Round "7.8"]
[White "Ratkovic, Miloje"]
[Black "Nestorovic, Lazar"]
[Result "1-0"]
[WhiteElo "2358"]
[BlackElo "2381"]
[PlyCount "91"]
[EventDate "2014.03.17"]

1. d4 Nf6 2. Nf3 e6 3. c4 b6 4. a3 Ba6 5. Qb3 d5 6. cxd5 Qxd5 7. Qxd5 exd5 8.
Nc3 Bd6 9. e3 Bxf1 10. Rxf1 c6 11. Bd2 Nbd7 12. Ke2 b5 13. Rfc1 Ke7 14. Na2
Rhc8 15. Nb4 Bxb4 16. axb4 Ne4 17. Ne1 Kd8 18. Nd3 Kc7 19. f3 Nd6 20. Be1 Kb7
21. g4 Re8 22. b3 f6 23. Bg3 Nf7 24. Ra2 Ng5 25. Nc5+ Nxc5 26. bxc5 Ne6 27. Kd3
Ng5 28. h4 Ne6 29. Bd6 h5 30. Rg1 hxg4 31. Rxg4 Rh8 32. e4 Rh5 33. exd5 cxd5
34. Re2 Re8 35. Rg1 f5 36. Rge1 Rh6 37. b4 Kc6 38. Kc3 Kd7 39. Ra1 Ra8 40. Ra6
f4 41. Re5 Kc8 42. Rxd5 Rxh4 43. Be5 Rh6 44. Rdd6 Nc7 45. Rac6 Kb7 46. Rxc7+
1-0

[Event "Pojedinacno prvenstvo Centralne Srbije 2"]
[Site "Vrnjacka Banja"]
[Date "2014.03.21"]
[Round "7.9"]
[White "Cvetkovic, Srdjan"]
[Black "Velickovic, Sasa"]
[Result "1/2-1/2"]
[WhiteElo "2332"]
[BlackElo "2377"]
[PlyCount "27"]
[EventDate "2014.03.17"]

1. c4 c5 2. Nf3 d6 3. d4 cxd4 4. Nxd4 Nf6 5. Nc3 e6 6. g3 Be7 7. Bg2 O-O 8. O-O
a6 9. b3 Qc7 10. Bb2 Rd8 11. Rc1 Bd7 12. e4 Be8 13. Qe2 Nbd7 14. h3 1/2-1/2

[Event "Pojedinacno prvenstvo Centralne Srbije 2"]
[Site "Vrnjacka Banja"]
[Date "2014.03.21"]
[Round "7.10"]
[White "Milenkovic, Mladen"]
[Black "Jovic, Stanoje"]
[Result "0-1"]
[WhiteElo "2373"]
[BlackElo "2304"]
[PlyCount "108"]
[EventDate "2014.03.17"]

1. e4 c6 2. d4 d5 3. f3 e6 4. Nc3 Bb4 5. Bf4 Ne7 6. Nge2 Ng6 7. Bg3 dxe4 8.
fxe4 e5 9. Qd3 exd4 10. Nxd4 O-O 11. O-O-O Qa5 12. Nb3 Qg5+ 13. Qd2 Qxd2+ 14.
Rxd2 Nd7 15. a3 Bxc3 16. bxc3 Nde5 17. Be2 Bg4 18. Bxg4 Nxg4 19. Rd7 b6 20. Nd4
Nf6 21. Rb7 Nxe4 22. Nxc6 Nxg3 23. hxg3 Rfc8 24. Rxa7 Rxa7 25. Nxa7 Rxc3 26.
Kb2 Rxg3 27. Nc8 b5 28. Rh5 Nf4 29. Rxb5 g6 30. a4 Nxg2 31. a5 Ne3 32. Nd6 Rg4
33. Kb3 Rg1 34. Rb8+ Kg7 35. Kb2 Rg5 36. Ra8 Rd5 37. Ne8+ Kh6 38. a6 Ra5 39.
Nc7 f5 40. Rb8 f4 41. Rb5 Rxa6 42. Nxa6 f3 43. Rb3 f2 44. Rxe3 f1=Q 45. Nb4 Qf4
46. Rh3+ Kg7 47. Rb3 h5 48. Nd3 Qd4+ 49. Kc1 g5 50. Kd2 h4 51. Ke2 Qe4+ 52. Kf1
Qh1+ 53. Ke2 g4 54. Nf2 Qg2 0-1

[Event "Pojedinacno prvenstvo Centralne Srbije 2"]
[Site "Vrnjacka Banja"]
[Date "2014.03.21"]
[Round "7.11"]
[White "Ilic, Zoran S"]
[Black "Pavlovic, Goran"]
[Result "1/2-1/2"]
[WhiteElo "2297"]
[BlackElo "2372"]
[PlyCount "70"]
[EventDate "2014.03.17"]

1. d4 d5 2. Nf3 Nf6 3. c4 e6 4. g3 Bb4+ 5. Bd2 Be7 6. Bg2 O-O 7. O-O c6 8. Qc2
b6 9. Rd1 Bb7 10. Bf4 Na6 11. Nc3 dxc4 12. Ne5 Nb4 13. Qd2 Nbd5 14. Nxc4 Rc8
15. Rac1 Nxf4 16. Qxf4 Nd5 17. Qd2 Ba6 18. Ne5 Nxc3 19. bxc3 Qd6 20. Qe3 f6 21.
Nf3 Rfe8 22. c4 Bf8 23. c5 Qd7 24. Rd2 Qc7 25. Qb3 Rb8 26. Qc3 bxc5 27. dxc5 e5
28. Nh4 Red8 29. Rxd8 Rxd8 30. Qf3 Bb5 31. Bh3 Qf7 32. Bf5 g6 33. Qg4 Kh8 34.
Be6 Bxe2 35. Nxg6+ Qxg6 1/2-1/2

[Event "Pojedinacno prvenstvo Centralne Srbije 2"]
[Site "Vrnjacka Banja"]
[Date "2014.03.21"]
[Round "7.12"]
[White "Stojanovic, Andjelija"]
[Black "Rabrenovic, Vladan"]
[Result "1/2-1/2"]
[WhiteElo "2295"]
[BlackElo "2392"]
[PlyCount "94"]
[EventDate "2014.03.17"]

1. e4 d6 2. d4 Nf6 3. Nc3 e5 4. Nf3 Nbd7 5. g4 g6 6. g5 Nh5 7. Be3 Bg7 8. dxe5
dxe5 9. Qd2 O-O 10. O-O-O c6 11. Qd6 Re8 12. Bh3 Bf8 13. Qd2 Qc7 14. Bxd7 Rd8
15. Nxe5 Qxe5 16. Bd4 Qa5 17. Bxc8 Raxc8 18. Qe3 Bd6 19. e5 Be7 20. Bxa7 c5 21.
Nd5 Rxd5 22. Rxd5 Qxa7 23. e6 Qxa2 24. exf7+ Kxf7 25. Rd7 Qe6 26. Rxb7 Qxe3+
27. fxe3 Ke6 28. h4 Ng3 29. Rh3 Ne4 30. Rf3 Ra8 31. b3 Nd6 32. Rc7 Nf5 33. h5
gxh5 34. Rxf5 Kxf5 35. Rxe7 h4 36. Rxh7 Kg4 37. g6 h3 38. g7 Rg8 39. e4 Kg3 40.
e5 h2 41. Kd2 Kg2 42. Kc3 h1=Q 43. Rxh1 Kxh1 44. Kc4 Rxg7 45. Kxc5 Rc7+ 46. Kd6
Rxc2 47. e6 Rd2+ 1/2-1/2

[Event "Pojedinacno prvenstvo Centralne Srbije 2"]
[Site "Vrnjacka Banja"]
[Date "2014.03.21"]
[Round "7.13"]
[White "Colovic, Dusan"]
[Black "Jovanovic, Bojan P"]
[Result "1/2-1/2"]
[WhiteElo "2380"]
[BlackElo "2254"]
[PlyCount "84"]
[EventDate "2014.03.17"]

1. d4 e6 2. Bf4 Nf6 3. e3 Be7 4. c4 d5 5. Nc3 O-O 6. Nf3 a6 7. Rc1 dxc4 8. Bxc4
c5 9. dxc5 Qxd1+ 10. Nxd1 Bxc5 11. Ke2 b6 12. a3 Bb7 13. Nc3 b5 14. Ba2 Nbd7
15. Rhd1 Rac8 16. Ne5 Rfd8 17. f3 Nxe5 18. Bxe5 Be7 19. e4 Kf8 20. Bd4 Nd7 21.
Nb1 Rxc1 22. Rxc1 Bf6 23. Bxf6 Nxf6 24. Rc7 Rd7 25. Rc5 Ke7 26. Nd2 Kd8 27. b4
Rc7 28. Rxc7 Kxc7 29. Kd3 Nd7 30. f4 Kd6 31. e5+ Ke7 32. g3 g5 33. Kd4 gxf4 34.
gxf4 h6 35. Bb1 Nb6 36. Be4 Bxe4 37. Nxe4 Nd5 38. f5 exf5 39. Kxd5 fxe4 40.
Kxe4 Ke6 41. h3 f6 42. exf6 Kxf6 1/2-1/2

[Event "Pojedinacno prvenstvo Centralne Srbije 2"]
[Site "Vrnjacka Banja"]
[Date "2014.03.21"]
[Round "7.14"]
[White "Zivkovic, Nemanja"]
[Black "Rajkovic, Dusan"]
[Result "0-1"]
[WhiteElo "2290"]
[BlackElo "2369"]
[PlyCount "74"]
[EventDate "2014.03.17"]

1. e4 c5 2. Nf3 Nc6 3. Bb5 g6 4. O-O Nf6 5. Re1 Bg7 6. c3 O-O 7. h3 Qb6 8. Na3
a6 9. Bf1 d5 10. e5 Ne8 11. c4 Be6 12. d3 Rd8 13. Qe2 Nc7 14. Bf4 Bf5 15. g4
Bc8 16. Bg3 Ne6 17. Nc2 dxc4 18. dxc4 Qxb2 19. Rab1 Qc3 20. Rb3 Qa5 21. Ra3 Qc7
22. Bg2 Bh6 23. Qe4 b5 24. Nh4 b4 25. Rb3 Ncd4 26. Nf5 gxf5 27. gxf5 Bb7 28.
Qg4+ Kh8 29. Nxd4 Rxd4 30. Qh5 Bd2 31. fxe6 Bxg2 32. exf7 e6 33. Bh4 Rxh4 34.
Qxh4 Qxf7 35. Rd1 Bg5 36. Qg3 Be4 37. Kf1 Bc2 0-1

[Event "Pojedinacno prvenstvo Centralne Srbije 2"]
[Site "Vrnjacka Banja"]
[Date "2014.03.21"]
[Round "7.15"]
[White "Gavrilovic, Leonardo"]
[Black "Radusinovic, Lazar"]
[Result "1/2-1/2"]
[WhiteElo "2255"]
[BlackElo "2313"]
[PlyCount "26"]
[EventDate "2014.03.17"]

1. Nf3 d5 2. c4 c5 3. b3 Nf6 4. Bb2 e6 5. e3 Nbd7 6. Be2 Bd6 7. O-O O-O 8. Nc3
a6 9. cxd5 exd5 10. d3 Qe7 11. Nb1 Ne5 12. Nxe5 Bxe5 13. Bxe5 Qxe5 1/2-1/2

[Event "Pojedinacno prvenstvo Centralne Srbije 2"]
[Site "Vrnjacka Banja"]
[Date "2014.03.21"]
[Round "7.16"]
[White "Vujacic, Borivoje"]
[Black "Pantovic, Dragan M"]
[Result "1/2-1/2"]
[WhiteElo "2287"]
[BlackElo "2132"]
[PlyCount "66"]
[EventDate "2014.03.17"]

1. e4 c6 2. d4 d5 3. exd5 cxd5 4. Bd3 Nc6 5. c3 Qc7 6. Ne2 Bg4 7. f3 Bd7 8. O-O
e5 9. dxe5 Nxe5 10. Nd4 Nxd3 11. Qxd3 Bd6 12. f4 Ne7 13. Be3 O-O 14. Nd2 a6 15.
Qe2 Nf5 16. Nxf5 Bxf5 17. Qf3 Bc5 18. Nb3 Bxe3+ 19. Qxe3 Rfe8 20. Qf2 Re7 21.
Nd4 Qd7 22. Rfe1 Rae8 23. Rxe7 Rxe7 24. Re1 Rxe1+ 25. Qxe1 h6 26. Qe5 Bb1 27.
a3 Qg4 28. h3 Qg3 29. Nf5 Bxf5 30. Qxf5 Qe1+ 31. Kh2 Qf2 32. b4 d4 33. cxd4
Qxd4 1/2-1/2

[Event "Pojedinacno prvenstvo Centralne Srbije 2"]
[Site "Vrnjacka Banja"]
[Date "2014.03.21"]
[Round "7.17"]
[White "Zajic, Milun"]
[Black "Dudukovic, Nikola"]
[Result "0-1"]
[WhiteElo "1954"]
[BlackElo "2364"]
[PlyCount "52"]
[EventDate "2014.03.17"]

1. c4 e5 2. Nc3 Nc6 3. g3 g6 4. Bg2 Bg7 5. e4 d6 6. Nge2 Be6 7. Nd5 Nge7 8. d3
O-O 9. O-O f5 10. f4 fxe4 11. Bxe4 Bh3 12. Bg2 Bxg2 13. Kxg2 Nf5 14. Nec3 Ncd4
15. Rb1 c6 16. Ne3 exf4 17. Rxf4 Qd7 18. Nxf5 Nxf5 19. Bd2 Kh8 20. Qg1 g5 21.
Rf3 Bd4 22. Qc1 Nh4+ 23. gxh4 Rxf3 24. Kxf3 Rf8+ 25. Kg3 gxh4+ 26. Kxh4 Bf2+
0-1

[Event "Pojedinacno prvenstvo Centralne Srbije 2"]
[Site "Vrnjacka Banja"]
[Date "2014.03.21"]
[Round "7.19"]
[White "Sorgic, Dragan"]
[Black "Jokic, Miodrag"]
[Result "1-0"]
[WhiteElo "2244"]
[BlackElo "2103"]
[PlyCount "65"]
[EventDate "2014.03.17"]

1. e4 d6 2. d4 Nf6 3. Nc3 g6 4. Nf3 Bg7 5. Be2 c6 6. O-O O-O 7. h3 Nbd7 8. a4
e5 9. dxe5 dxe5 10. Bc4 Qc7 11. Be3 Nb6 12. Bb3 Be6 13. Bxe6 fxe6 14. a5 Nbd7
15. Qd3 Rfe8 16. Qc4 h6 17. Rfd1 Bf8 18. a6 bxa6 19. Rxa6 Nb8 20. Ra2 a6 21. b3
Nfd7 22. Na4 Kf7 23. c3 a5 24. Rad2 Kf6 25. Nh2 g5 26. h4 Kg6 27. hxg5 hxg5 28.
Nf3 g4 29. Rxd7 Nxd7 30. Rxd7 Qb8 31. Nh4+ Kf6 32. f4 exf4 33. e5+ 1-0

[Event "Pojedinacno prvenstvo Centralne Srbije 2"]
[Site "Vrnjacka Banja"]
[Date "2014.03.21"]
[Round "7.20"]
[White "Bura, Goran"]
[Black "Petrovic, Zoran Z"]
[Result "1/2-1/2"]
[WhiteElo "2222"]
[BlackElo "2056"]
[PlyCount "97"]
[EventDate "2014.03.17"]

1. e4 c5 2. Nc3 Nc6 3. Bb5 Nd4 4. Bc4 d6 5. Nf3 e6 6. Nxd4 cxd4 7. Ne2 Qb6 8.
O-O Nf6 9. d3 Be7 10. c3 dxc3 11. Nxc3 O-O 12. Be3 Qd8 13. Bb3 d5 14. Bf4 a6
15. e5 Nd7 16. Qg4 f5 17. exf6 Nxf6 18. Qe2 Qe8 19. Be5 Bd7 20. d4 Kh8 21. Bc2
b5 22. a3 Rc8 23. Bd3 Qf7 24. f4 Kg8 25. g4 g6 26. g5 Ne8 27. Nd1 Bd6 28. Ne3
Bxe5 29. fxe5 Qe7 30. Rxf8+ Kxf8 31. Rf1+ Kg7 32. Rf6 Qd8 33. Qf2 Nxf6 34.
gxf6+ Kg8 35. Qh4 Be8 36. Ng4 Qc7 37. f7+ Bxf7 38. Nf6+ Kf8 39. Nxh7+ Kg7 40.
Ng5 Qc1+ 41. Bf1 Qe3+ 42. Kh1 Rh8 43. Nxe6+ Bxe6 44. Qf6+ Kh7 45. Qe7+ Kh6 46.
Qh4+ Kg7 47. Qf6+ Kh7 48. Qe7+ Bf7 49. Qxf7+ 1/2-1/2

[Event "Pojedinacno prvenstvo Centralne Srbije 2"]
[Site "Vrnjacka Banja"]
[Date "2014.03.21"]
[Round "7.21"]
[White "Stanojevic, Branko"]
[Black "Gajic, Sladjan"]
[Result "1/2-1/2"]
[WhiteElo "2271"]
[BlackElo "2066"]
[PlyCount "103"]
[EventDate "2014.03.17"]

1. Nf3 d5 2. g3 g6 3. c4 c6 4. Bg2 Bg7 5. O-O Nf6 6. Qc2 O-O 7. b3 Bf5 8. d3
Qc8 9. Re1 Na6 10. Bb2 Rd8 11. Nbd2 dxc4 12. bxc4 c5 13. Bc3 Rb8 14. Rab1 Ng4
15. Bxg7 Kxg7 16. Rb3 Bd7 17. Reb1 b6 18. Ne4 f6 19. Nc3 Nb4 20. Qb2 e5 21. Nd5
Nxd5 22. cxd5 Qc7 23. Rc1 Qd6 24. Nd2 h5 25. Nc4 Qe7 26. Qa3 Be8 27. Qb2 Nh6
28. e4 h4 29. f4 Nf7 30. Rf1 hxg3 31. hxg3 Bd7 32. Qa3 Ra8 33. Rb2 Bg4 34. Rbf2
Rf8 35. Qb2 Rae8 36. a4 Bd7 37. d6 Nxd6 38. fxe5 Nxc4 39. exf6+ Qxf6 40. Qxf6+
Rxf6 41. Rxf6 Ne5 42. Rd6 Bxa4 43. d4 cxd4 44. Ra1 b5 45. Rxd4 Re7 46. Rd5 Re6
47. Bf1 a6 48. Rxa4 bxa4 49. Ra5 Nf3+ 50. Kg2 Nd2 51. Rxa4 Nxe4 52. Rxa6
1/2-1/2

[Event "Pojedinacno prvenstvo Centralne Srbije 2"]
[Site "Vrnjacka Banja"]
[Date "2014.03.21"]
[Round "7.22"]
[White "Djosic, Slavoljub"]
[Black "Colovic, Zoran"]
[Result "1/2-1/2"]
[WhiteElo "2252"]
[BlackElo "2102"]
[PlyCount "41"]
[EventDate "2014.03.17"]

1. Nf3 c5 2. g3 Nf6 3. Bg2 g6 4. b3 Bg7 5. Bb2 O-O 6. c4 d6 7. O-O Nc6 8. d3
Bg4 9. h3 Bd7 10. Nc3 Qc8 11. Kh2 Rb8 12. Qd2 e5 13. e3 a6 14. Rac1 Qd8 15. Ne2
Qe7 16. Ne1 Rfd8 17. Nc2 Bf5 18. Nc3 Rbc8 19. Nd5 Nxd5 20. cxd5 Nb8 21. e4 {
.....} 1/2-1/2

[Event "Pojedinacno prvenstvo Centralne Srbije 2"]
[Site "Vrnjacka Banja"]
[Date "2014.03.21"]
[Round "7.23"]
[White "Zivkovic, Marko"]
[Black "Miladinovic, Lena"]
[Result "1/2-1/2"]
[WhiteElo "2192"]
[BlackElo "2095"]
[PlyCount "121"]
[EventDate "2014.03.17"]

1. d4 Nf6 2. Bg5 e6 3. e4 h6 4. Bxf6 Qxf6 5. Nf3 d6 6. Be2 g6 7. O-O Bg7 8. Re1
O-O 9. c3 Nd7 10. Nbd2 b6 11. a4 a6 12. Bd3 Bb7 13. Qe2 Qe7 14. h3 Rfd8 15. Nf1
c5 16. Ne3 Nf6 17. Ng4 Nxg4 18. hxg4 cxd4 19. Nxd4 Qg5 20. Nc2 Qe5 21. g3 Qc5
22. Kh2 Rac8 23. f3 Bf6 24. Kg2 Ra8 25. Rh1 Bg7 26. Rae1 Qc6 27. Qe3 Qc5 28.
Qd2 Qg5 29. Qf2 Qc5 30. Qd2 Qg5 31. Qe2 Qc5 32. Nb4 a5 33. Nc2 Bc6 34. Bb5 Bb7
35. Rd1 Rac8 36. Rhe1 Kh7 37. Qe3 Qc7 38. Na3 d5 39. e5 Qc5 40. Nc2 Qxe3 41.
Rxe3 Bf8 42. Nd4 Bc5 43. f4 Bc6 44. Bxc6 Bxd4 45. Rxd4 Rxc6 46. f5 gxf5 47.
gxf5 exf5 48. Rf3 Kg6 49. g4 Rc4 50. Rxf5 Re8 51. Rf6+ Kg7 52. Rxb6 Rxe5 53.
Rxc4 dxc4 54. Kf3 Rd5 55. Rb5 Rd2 56. Rxa5 Rxb2 57. Rc5 Kg6 58. Rxc4 Rb1 59. a5
Rf1+ 60. Ke3 Ra1 61. Rc5 {...} 1/2-1/2

[Event "Pojedinacno prvenstvo Centralne Srbije 2"]
[Site "Vrnjacka Banja"]
[Date "2014.03.21"]
[Round "7.24"]
[White "Tosic, Dragoljub"]
[Black "Todorovic, Kosta"]
[Result "0-1"]
[WhiteElo "1966"]
[BlackElo "1929"]
[PlyCount "69"]
[EventDate "2014.03.17"]

1. d4 Nf6 2. Nf3 g6 3. g3 Bg7 4. Bg2 d6 5. O-O O-O 6. c4 Nbd7 7. Nc3 c6 8. a4
a5 9. Qc2 Re8 10. Rd1 Qc7 11. Bd2 e5 12. Rac1 Qb6 13. d5 Ng4 14. Be1 Nc5 15.
dxc6 e4 16. cxb7 Bxb7 17. Nh4 Nb3 18. h3 Nxc1 19. hxg4 Nb3 20. Nxe4 Nd4 21. Qd3
d5 22. c5 dxe4 23. cxb6 exd3 24. Bxb7 Rab8 25. e3 Ne2+ 26. Kf1 Rxb7 27. Rxd3
Nc1 28. Rd5 Rxb6 29. Rxa5 Rxb2 30. Rd5 Nb3 31. Nf3 Ra2 32. Rb5 Nc1 33. a5 Nd3
34. Bd2 Ne5 35. Nxe5 0-1

[Event "Pojedinacno prvenstvo Centralne Srbije 2"]
[Site "Vrnjacka Banja"]
[Date "2014.03.21"]
[Round "7.25"]
[White "Ratkovic, Petar"]
[Black "Ristic, Dejan D"]
[Result "0-1"]
[WhiteElo "1783"]
[BlackElo "1770"]
[PlyCount "116"]
[EventDate "2014.03.17"]

1. d4 Nf6 2. Nf3 g6 3. Nc3 d5 4. Bf4 c6 5. e3 Bg7 6. Be2 Qb6 7. Na4 Qa5+ 8. c3
Nbd7 9. O-O b5 10. Nc5 Nxc5 11. dxc5 Ne4 12. Nd4 Bd7 13. Nxb5 e5 14. Bg3 O-O
15. b4 Qd8 16. Nd6 Nxc3 17. Qc2 Nxe2+ 18. Qxe2 a5 19. a3 axb4 20. axb4 e4 21.
Rxa8 Qxa8 22. Rb1 Qa4 23. Qd2 Be6 24. h3 Qa3 25. Qc1 Qd3 26. Qd1 Ra8 27. b5
cxb5 28. Nxb5 Bd7 29. Qxd3 exd3 30. Nd4 d2 31. Nb3 Bc3 32. Nxd2 Bxd2 33. Rd1
Ra2 34. Rb1 Rc2 35. Rb8+ Kg7 36. Be5+ f6 37. Bd6 Kf7 38. Rh8 Kg7 39. Ra8 Be6
40. Bf8+ Kf7 41. Bd6 g5 42. Ra7+ Kg6 43. Bf8 Bf7 44. Ra6 Be8 45. f3 Bf7 46. Kh2
Bxe3 47. Be7 Bf4+ 48. Kg1 Be5 49. c6 Be8 50. Ra8 Bxc6 51. Ra6 Bg3 52. Ra1 d4
53. Rd1 d3 54. Bb4 Bb5 55. Kh1 Bf4 56. Ba3 Re2 57. Kg1 d2 58. Bb4 Ba4 0-1

[Event "Pojedinacno prvenstvo Centralne Srbije 2"]
[Site "Vrnjacka Banja"]
[Date "2014.03.21"]
[Round "7.26"]
[White "Gagic, Miroljub"]
[Black "Dabizljevic, Radun"]
[Result "0-1"]
[WhiteElo "1865"]
[BlackElo "1834"]
[PlyCount "102"]
[EventDate "2014.03.17"]

1. Nf3 Nf6 2. g3 c6 3. Bg2 d6 4. d4 Nbd7 5. O-O Qc7 6. c4 e5 7. Nc3 exd4 8.
Nxd4 Be7 9. Nf5 Bf8 10. Bf4 Ne5 11. Bxe5 dxe5 12. Qc2 Be6 13. b3 g6 14. Nh4 a6
15. Rfd1 Bc5 16. Nf3 Ng4 17. Ne4 Be7 18. h3 Nf6 19. Nc3 Bc5 20. Na4 Be7 21. Ng5
Bf5 22. e4 Bd7 23. c5 Nh5 24. Nf3 Rd8 25. Nb2 Ng7 26. b4 Ne6 27. Nc4 f6 28.
Nd6+ Kf8 29. Bf1 Kg7 30. Kg2 h5 31. h4 Rhf8 32. Bc4 Qb8 33. Qb3 Nd4 34. Nxd4
exd4 35. Nf7 Rxf7 36. Bxf7 Qe5 37. f3 f5 38. Re1 f4 39. Bc4 fxg3 40. Rh1 Qf4
41. Qb2 Bf6 42. Qc1 Qe5 43. Qe1 d3 44. Rd1 Qb2+ 45. Qd2 Qa3 46. Bb3 a5 47. Kxg3
axb4 48. Qxd3 Qb2 49. Qc4 Be5+ 50. f4 Bxf4+ 51. Kf3 Bg4+ 0-1

[Event "Pojedinacno prvenstvo centralne Srbije"]
[Site "www.sah-centralnasrbija.com"]
[Date "2014.03.21"]
[Round "7"]
[White "SEDLAK , Nikola"]
[Black "MAKSIMOVIC , Branimir"]
[Result "1-0"]
[WhiteElo "2562"]
[BlackElo "2364"]
[PlyCount "63"]
[EventDate "2014.??.??"]

1. d4 e6 2. c4 Bb4+ 3. Bd2 Bxd2+ 4. Qxd2 Nf6 5. Nc3 d5 6. e3 O-O 7. Nf3 Qe7 8.
Rc1 Rd8 9. a3 dxc4 10. Bxc4 c5 11. O-O Nc6 12. Rfd1 b6 13. Qe2 cxd4 14. exd4
Bb7 15. Ba2 Rac8 16. h3 h6 17. Qe3 Qd6 18. d5 exd5 19. Nxd5 Nxd5 20. Bxd5 Qf6
21. b4 Ba8 22. b5 Ne7 23. Bxa8 Rxa8 24. Qe4 Ng6 25. a4 Nf4 26. Rxd8+ Rxd8 27.
Rc7 g5 28. Rxa7 Qa1+ 29. Kh2 Qf1 30. Nd4 Qc4 31. Ra8 Qc7 32. Qc6 1-0

[Event "Pojedinacno prvenstvo centralne Srbije"]
[Site "www.sah-centralnasrbija.com"]
[Date "2014.03.21"]
[Round "7"]
[White "BOJKOVIC,  Natasa"]
[Black "LAJTHAJM , Borko"]
[Result "1/2-1/2"]
[WhiteElo "2411"]
[BlackElo "2525"]
[PlyCount "153"]
[EventDate "2014.??.??"]

1. e4 d6 2. d4 c6 3. Nf3 g6 4. a4 Bg7 5. Nc3 Nf6 6. h3 O-O 7. Be3 Nbd7 8. a5
Qc7 9. Be2 Rd8 10. Qb1 e5 11. dxe5 Nxe5 12. Nxe5 dxe5 13. Qa2 Qe7 14. O-O Be6
15. Bc4 Nh5 16. Bxe6 fxe6 17. Qc4 a6 18. Bb6 Rd7 19. Rfd1 Re8 20. Rxd7 Qxd7 21.
Rd1 Qf7 22. g3 Bf8 23. Na4 Nf6 24. Nc5 h5 25. h4 Ng4 26. Qe2 Nf6 27. Qf3 Bxc5
28. Bxc5 Qg7 29. Qe3 Nh7 30. Qe2 Nf6 31. Qe3 Nh7 32. Bb6 Nf6 33. Bd8 Nh7 34.
Bg5 Qf7 35. Rd6 Qc7 36. Qd2 Nxg5 37. hxg5 Re7 38. Rd8+ Kg7 39. Rd6 Kf7 40. Kg2
Ke8 41. Qb4 c5 42. Qa4+ Kf7 43. Rd3 Kg7 44. b3 Rf7 45. Qa1 Kh7 46. Qc3 Rf8 47.
Qd2 Rf7 48. Rd6 Re7 49. Rd8 c4 50. Rf8 cxb3 51. cxb3 Kg7 52. Rd8 Qc6 53. Qd3
Rf7 54. b4 Qc1 55. Qd2 Qc4 56. f3 Qc7 57. Rd3 Qe7 58. Kg1 Kh7 59. Kf1 Qc7 60.
Qc3 Kg7 61. Ke2 Re7 62. Qb2 Kh7 63. Qc3 Kg7 64. Kf2 Kf7 65. Ke3 Kg7 66. Qc5
Qxc5+ 67. bxc5 Rc7 68. Rc3 Kf7 69. Kd3 Rd7+ 70. Kc2 Ke7 71. c6 bxc6 72. Rxc6
Rd6 73. Rc7+ Rd7 74. Rc6 Rd6 75. Rc7+ Rd7 76. Rc6 Rd6 77. Rc5 1/2-1/2

[Event "Pojedinacno prvenstvo centralne Srbije"]
[Site "www.sah-centralnasrbija.com"]
[Date "2014.03.21"]
[Round "7"]
[White "PIKULA,  Dejan"]
[Black "RISTIC , Nenad"]
[Result "0-1"]
[WhiteElo "2498"]
[BlackElo "2431"]
[PlyCount "68"]
[EventDate "2014.??.??"]

1. e4 c5 2. Nf3 d6 3. Bc4 Nf6 4. d3 Nc6 5. c3 g6 6. O-O Bg7 7. h3 O-O 8. Bb3 b5
9. d4 cxd4 10. cxd4 d5 11. e5 Ne4 12. Nc3 Nxc3 13. bxc3 a5 14. Bf4 b4 15. Rc1
Ba6 16. Re1 e6 17. Qd2 Qb6 18. Bh6 bxc3 19. Rxc3 Nxd4 20. Bxg7 Nxf3+ 21. Rxf3
Kxg7 22. Qf4 Qd8 23. h4 Rb8 24. Qg3 a4 25. Bc2 Rb2 26. Rc1 Rxa2 27. h5 Be2 28.
Rf4 Bxh5 29. Bxa4 Qa5 30. Qh4 Kg8 31. Kh2 d4 32. Rxd4 Qxe5+ 33. Kg1 g5 34. Re4
Rxa4 0-1

[Event "Pojedinacno prvenstvo centralne Srbije"]
[Site "www.sah-centralnasrbija.com"]
[Date "2014.03.21"]
[Round "7"]
[White "ABRAMOVIC,  Bosko"]
[Black "ANTIC , Dejan"]
[Result "1/2-1/2"]
[WhiteElo "2437"]
[BlackElo "2462"]
[PlyCount "36"]
[EventDate "2014.??.??"]

1. d4 Nf6 2. c4 e6 3. Nf3 b6 4. g3 Ba6 5. b3 Bb7 6. Bg2 Bb4+ 7. Bd2 a5 8. O-O
O-O 9. Nc3 d6 10. Qc2 Nbd7 11. Rfe1 Bxc3 12. Bxc3 Be4 13. Qb2 Qb8 14. a4 Qb7
15. Rad1 Rad8 16. Nh4 Bxg2 17. Nxg2 Rfe8 18. f3 d5 1/2-1/2

[Event "Pojedinacno prvenstvo centralne Srbije"]
[Site "www.sah-centralnasrbija.com"]
[Date "2014.03.21"]
[Round "7"]
[White "ZAJIC,  Milan"]
[Black "MILANOVIC,  Danilo"]
[Result "1/2-1/2"]
[WhiteElo "2370"]
[BlackElo "2506"]
[PlyCount "153"]
[EventDate "2014.??.??"]

1. e4 e6 2. d4 d5 3. Nd2 h6 4. Ngf3 Nf6 5. e5 Nfd7 6. Be2 c5 7. c3 Nc6 8. a3
Qb6 9. Nf1 Be7 10. b4 cxd4 11. cxd4 O-O 12. Ne3 f6 13. b5 Nd8 14. exf6 Nxf6 15.
O-O Nf7 16. Ne5 Nxe5 17. dxe5 Nd7 18. Bb2 Bc5 19. Qd3 a6 20. Ng4 Qxb5 21. Nxh6+
Kh8 22. Qd2 Qa4 23. Ng4 Qf4 24. Qd3 Qf5 25. Qg3 b6 26. Rad1 Bb7 27. Nf6 gxf6
28. Bd3 Qh5 29. Bg6 Rg8 30. Bxh5 Rxg3 31. hxg3 Nxe5 32. Rfe1 Rf8 33. Bd4 Bxd4
34. Rxd4 Bc8 35. f4 Nc6 36. Rd2 Ne7 37. Bg4 f5 38. Be2 Kg7 39. Rc1 Kf6 40. Rc7
Rd8 41. g4 fxg4 42. Bxg4 Rd6 43. Bf3 Bd7 44. Kf2 e5 45. fxe5+ Kxe5 46. Rc1 Be6
47. g4 Kf4 48. Rd4+ Ke5 49. Rd2 Kf4 50. Re2 Ng6 51. Rd1 Nh4 52. Rd4+ Kg5 53.
Kg3 Ng6 54. Rd1 Kf6 55. Rf1 Kg5 56. Rh2 Ne7 57. Rh7 Nc6 58. Rfh1 Ne5 59. R7h6
Bxg4 60. Rxd6 Bxf3 61. Re1 Nc4 62. Rc6 Bh5 63. Rb1 Kf5 64. Kf2 Ke4 65. Rh1 Bg4
66. Rh4 Kf5 67. a4 a5 68. Rh1 Ke5 69. Rh4 Bd7 70. Rcxc4 dxc4 71. Rxc4 Kd5 72.
Rh4 Kc5 73. Ke3 b5 74. axb5 Bxb5 75. Rh5+ Kb4 76. Kd4 Bc4 77. Rxa5 1/2-1/2

[Event "Pojedinacno prvenstvo centralne Srbije"]
[Site "www.sah-centralnasrbija.com"]
[Date "2014.03.21"]
[Round "7"]
[White "MARKOVIC,  Miroslav"]
[Black "ANDRIJEVIC,  Milan"]
[Result "1-0"]
[WhiteElo "2498"]
[BlackElo "2333"]
[PlyCount "69"]
[EventDate "2014.??.??"]

1. e4 c5 2. c3 d5 3. d3 dxe4 4. dxe4 Qxd1+ 5. Kxd1 Nf6 6. f3 Nc6 7. Na3 a6 8.
Nc4 b5 9. Nb6 Rb8 10. Nxc8 Rxc8 11. a4 c4 12. axb5 axb5 13. b3 Rd8+ 14. Ke1 Ne5
15. bxc4 bxc4 16. Bf4 Nfd7 17. Bxe5 Nxe5 18. f4 Nd3+ 19. Bxd3 cxd3 20. Kd2 e5
21. Nh3 g6 22. Ra5 Bg7 23. Rd5 Rxd5 24. exd5 e4 25. Ng5 f5 26. Ne6 Bf6 27. Ra1
Ke7 28. Ra7+ Kd6 29. Ra6+ Ke7 30. Nc5 Rc8 31. d6+ Kd8 32. Ra5 Rb8 33. Ra7 Ke8
34. Ne6 Bd8 35. Rxh7 1-0